000
00454nam a2200133Ia 4500
008
100328s9999 xx 000 0 und d
082
_b
71778
100
_a
देशमुख श्रीकृष्ण द.
245
_a
अध्यात्म आणि जीवन
260
_b
श्रीकृपा
630
_a
अध्यात्म आणि जीवन
730
_a
अध्यात्म आणि जीवन
942
_c
BOOK
999
_c
557502
_d
557499